Gaseous nitrogen emissions from grasslands / (Record no. 3642)

MARC details
000 -LEADER
fixed length control field 01192cam a2200325 a 4500
001 - CONTROL NUMBER
control field 2597101
003 - CONTROL NUMBER IDENTIFIER
control field OSt
005 - DATE AND TIME OF LATEST TRANSACTION
control field 20210914103052.0
008 - FIXED-LENGTH DATA ELEMENTS--GENERAL INFORMATION
fixed length control field 970402s1997 enkab b 001 0 eng
010 ## - LIBRARY OF CONGRESS CONTROL NUMBER
LC control number 97013541
020 ## - INTERNATIONAL STANDARD BOOK NUMBER
International Standard Book Number 0851991920 (alk. paper)
040 ## - CATALOGING SOURCE
Transcribing agency HU
050 00 - LIBRARY OF CONGRESS CALL NUMBER
Classification number QH541.5.P7
Item number G37 1997
082 00 - DEWEY DECIMAL CLASSIFICATION NUMBER
Classification number 577.4/145/GAS
100 ## - MAIN ENTRY--PERSONAL NAME
Personal name GAS
9 (RLIN) 3399
245 00 - TITLE STATEMENT
Title Gaseous nitrogen emissions from grasslands /
Statement of responsibility, etc. edited by S.C. Jarvis and B.F. Pain.
250 ## - EDITION STATEMENT
Edition statement 1
260 ## - PUBLICATION, DISTRIBUTION, ETC.
Place of publication, distribution, etc. Oxon [England] ;
-- New York, NY :
Name of publisher, distributor, etc. Cab International,
Date of publication, distribution, etc. c1997.
300 ## - PHYSICAL DESCRIPTION
Extent xii, 452 p. :
Other physical details ill., maps ;
Dimensions 25 cm.
504 ## - BIBLIOGRAPHY, ETC. NOTE
Bibliography, etc. note Includes bibliographical references and index.
650 #0 - SUBJECT ADDED ENTRY--TOPICAL TERM
Topical term or geographic name entry element Grassland ecology.
9 (RLIN) 3400
650 #0 - SUBJECT ADDED ENTRY--TOPICAL TERM
Topical term or geographic name entry element Nitrogen cycle.
9 (RLIN) 3401
700 1# - ADDED ENTRY--PERSONAL NAME
Personal name Jarvis, S. C.
9 (RLIN) 3402
700 1# - ADDED ENTRY--PERSONAL NAME
Personal name Pain, B. F.
9 (RLIN) 3403
856 42 - ELECTRONIC LOCATION AND ACCESS
Materials specified Publisher description
Uniform Resource Identifier <a href="http://www.loc.gov/catdir/enhancements/fy0605/97013541-d.html">http://www.loc.gov/catdir/enhancements/fy0605/97013541-d.html</a>
856 41 - ELECTRONIC LOCATION AND ACCESS
Materials specified Table of contents only
Uniform Resource Identifier <a href="http://www.loc.gov/catdir/enhancements/fy0605/97013541-t.html">http://www.loc.gov/catdir/enhancements/fy0605/97013541-t.html</a>
906 ## - LOCAL DATA ELEMENT F, LDF (RLIN)
a 7
b cbc
c orignew
d 1
e ocip
f 19
g y-gencatlg
942 ## - ADDED ENTRY ELEMENTS (KOHA)
Source of classification or shelving scheme Dewey Decimal Classification
Koha item type Books like text book referance book
Suppress in OPAC No
Holdings
Withdrawn status Lost status Source of classification or shelving scheme Damaged status Not for loan Home library Current library Shelving location Date acquired Total Checkouts Full call number Barcode Date last seen Copy number Price effective from Koha item type
    Dewey Decimal Classification     Natural & Computational Science Library Natural & Computational Science Library General Stacks 09/14/2021   577.4145/GAS NSCLIB00007198 09/14/2021 1 09/14/2021 Books like text book referance book